| 000 | 00701nam a2200241Ia 4500 | ||
|---|---|---|---|
| 003 | OSt | ||
| 005 | 20220928113617.0 | ||
| 006 | a|||||r|||| 00| 0 | ||
| 007 | ta | ||
| 008 | 220927b |||||||| |||| 00| 0 eng d | ||
| 024 | _a43644 | ||
| 037 | _cTextual | ||
| 040 |
_aSDCL _cSDCL _beng |
||
| 041 |
_2eng _aeng |
||
| 082 | _aXM8,655.1'N9, N8 | ||
| 100 |
_aBraunerhjelm Pontus Ed. _9434042 |
||
| 245 | 0 | _aGeography of multinational firms | |
| 260 |
_aBoston _bKluwer Academic Publishers _c1998 |
||
| 300 |
_avii,225p _ccm. |
||
| 700 |
_a Ekholm Karolina _9434043 |
||
| 942 |
_hXM8,655.1'N9, N8 _cTEXL _2CC |
||
| 999 |
_c750437 _d750437 |
||